Blitz: Tom, Dick or Harry? Quiz Stats

 Plays Quiz Updated Apr 21, 2016

Challenge
Share
Tweet
Embed
Score 0/40 Timer 01:30
0 Plays Today
Surname/Known For (T)om, (D)ick or (H)arry? % Correct
Cruise ('Top Gun' actor)???
82.7%
Hanks ('Forrest Gump' actor)???
82.4%
Sawyer (Mark Twain novel)???
82.2%
Potter (J. K. Rowling book series)???
81.6%
Selleck ('Magnum, P.I.' actor)???
81.2%
Truman (US President)???
80.7%
Houdini (Magician & escapologist)???
80.6%
Van Dyke (American actor & comedian)???
80.5%
Brady (NFL Quarterback)???
79.8%
Cheney (US Vice President)???
78.9%
Tracy (Comic strip detective)???
78.5%
Jones ('It's Not Unusual' singer)???
77.8%
Clancy ('The Hunt for Red October' author)???
77.7%
Petty ('Learning to Fly' singer)???
77.7%
Connick, Jr (American singer-songwriter)???
77.6%
Thumb (English folklore character)???
76.6%
Clark (American Bandstand host)???
74.5%
Belafonte (American singer-songwriter)???
74.1%
Brokaw ('NBC Nightly News' anchor)???
73.3%
Arnold ('True Lies' actor)???
71.3%
Surname/Known For (T)om, (D)ick or (H)arry? % Correct
Butkus (NFL linebacker)???
68.5%
Landry (NFL coach)???
68.1%
Van Patten ('Eight is Enough' actor)???
67.8%
Watson (PGA Golfer)???
65.8%
Waits (American singer-songwriter)???
65.5%
Bosley ('Happy Days' actor)???
65.3%
Hamlin ('L.A. Law' actor)???
64.8%
Dastardly ('Wacky Races' character)???
64.1%
Cavett (American talk show host)???
63.1%
Callahan (Clint Eastwood role)???
62.5%
Riddle ('Harry Potter' character)???
62.1%
Vitale (college basketball sportscaster)???
62%
Chapin ('Cats in the Cradle' singer)???
60.9%
Grayson (Bruce Wayne’s ward)???
60.4%
Morgan ('M*A*S*H' actor)???
58.8%
Shearer ('The Simpsons' voice actor)???
54.3%
Dunne (Lloyd’s 'Dumb and Dumber' sidekick)???
52.5%
Trickle (NASCAR driver)???
49.9%
Blackmun (Roe vs. Wade Supreme Court Justice)???
42%
Fox (Fox Trot creator)???
25.3%

You're not logged in!

Compare scores with friends on all Sporcle quizzes.
Join for Free
OR
Log In

You Might Also Like...

Show Comments

Extras

Top Quizzes Today


Score Distribution

Your Account Isn't Verified!

In order to create a playlist on Sporcle, you need to verify the email address you used during registration. Go to your Sporcle Settings to finish the process.

Report this User

Report this user for behavior that violates our Community Guidelines.

Details: